000 01289nam a2200337 a 4500
001 ebr5002482
003 CaPaEBR
006 m u
007 cr cn|||||||||
008 960318s1997 enk sb 001 0beng
010 _z 96007705
020 _z0415118379 (hardcover)
020 _z0415118387 (pbk.)
040 _aCaPaEBR
_cCaPaEBR
035 _a(OCoLC)70765549
050 1 4 _aBR1720.I7
_bG73 1997eb
082 0 4 _a270.1/092
_aB
_220
100 1 _aGrant, Robert M.
_q(Robert McQueen),
_d1917-
245 1 0 _aIrenaeus of Lyons
_h[electronic resource] /
_cRobert M. Grant.
260 _aLondon ;
_aNew York :
_bRoutledge,
_c1997.
300 _a214 p.
490 1 _aThe early church fathers
504 _aIncludes bibliographical references (p. 199-203) and index.
533 _aElectronic reproduction.
_bPalo Alto, Calif. :
_cebrary,
_d2013.
_nAvailable via World Wide Web.
_nAccess may be limited to ebrary affiliated libraries.
600 0 0 _aIrenaeus,
_cSaint, Bishop of Lyon.
650 0 _aChristian saints
_zFrance
_vBiography.
655 7 _aElectronic books.
_2local
710 2 _aebrary, Inc.
830 0 _aEarly church fathers.
856 4 0 _uhttp://site.ebrary.com/lib/rucke/Doc?id=5002482
_zAn electronic book accessible through the World Wide Web; click to view
999 _c1706
_d1706